| 000 | 01245nam0a22003131 4500 | ||
|---|---|---|---|
| 001 | rc\3455821 | ||
| 005 | 20251022130909.0 | ||
| 021 |
_aRU _b[72-72943] |
||
| 035 | _a(NLR Aleph) 007893806 | ||
| 090 |
_a7994796 _c7994796 |
||
| 100 | _a20130115d1972 |||y0rusy50 ca | ||
| 101 | 0 | _arus | |
| 102 | _aRU | ||
| 105 | _aa z ||||| | ||
| 200 | 1 | _aОсновы экономических знаний для рабочих | |
| 210 |
_aМосква _cПолитиздат _d1972 |
||
| 215 |
_a335 с. _cил. _d20 |
||
| 225 | 1 | _aСистема экономического образования | |
| 300 | _aНа обороте тит. л. авт.: Баранов А.А., Медведев В.А., Молдаван В.С. и др. | ||
| 606 |
_aЭкономика СССР _2psbo |
||
| 701 | 1 |
_aМедведев _bВ. А. _cд-р экон. наук _f1926-2010 _gВладимир Афиногенович _3RU\NLR\AUTH\770285710 |
|
| 701 | 1 |
_aМолдаван _bВ. С. |
|
| 701 | 1 |
_aБаранов _bА. А. _cд-р экон. наук _f1928-2003 _gАлександр Алексеевич _3RU\NLR\AUTH\770285721 |
|
| 801 | 0 |
_aRU _bNLR _gpsbo |
|
| 801 | 1 |
_aRU _bELAR _2rusmarc |
|
| 852 |
_aNLR _j72-3/8635 |
||
| 942 | _cBOOK | ||
| 980 | _aNB | ||